|
|
|
|
| LEADER |
02259nam a2200601 i 4500 |
| 001 |
nkc20183049015 |
| 003 |
CZ PrNK |
| 005 |
20190118112853.0 |
| 007 |
ta |
| 008 |
181214s2018 xr ac e 000 0acze |
| 015 |
|
|
|a cnb003049015
|
| 020 |
|
|
|a 978-80-246-3912-3
|q (Karolinum ;
|q brožováno)
|
| 035 |
|
|
|a (OCoLC)1081355993
|
| 040 |
|
|
|a ABA001
|b cze
|e rda
|
| 043 |
|
|
|a e-xr---
|b e-xr-pg
|2 czenas
|
| 045 |
|
|
|a x2y1
|
| 072 |
|
7 |
|a 617
|x Ortopedie. Chirurgie. Oftalmologie
|2 Konspekt
|9 14
|
| 072 |
|
7 |
|a 929
|x Biografie
|2 Konspekt
|9 8
|
| 080 |
|
|
|a 617-089-051
|2 MRF
|
| 080 |
|
|
|a 929
|2 MRF
|
| 080 |
|
|
|a 617-089
|2 MRF
|
| 080 |
|
|
|a 61(091)
|2 MRF
|
| 080 |
|
|
|a (437.311)
|2 MRF
|
| 080 |
|
|
|a (0:82-94)
|2 MRF
|
| 100 |
1 |
|
|a Nahodil, Vladimír,
|d 1925-2024
|7 jk01082656
|4 aut
|
| 245 |
1 |
0 |
|a Vzpomínky chirurga /
|c Vladimír Nahodil
|
| 250 |
|
|
|a Vydání druhé
|
| 264 |
|
1 |
|a Praha :
|b Univerzita Karlova, nakladatelství Karolinum,
|c 2018
|
| 300 |
|
|
|a 119 stran :
|b ilustrace, portréty ;
|c 20 cm
|
| 336 |
|
|
|a text
|b txt
|2 rdacontent
|
| 337 |
|
|
|a bez média
|b n
|2 rdamedia
|
| 338 |
|
|
|a svazek
|b nc
|2 rdacarrier
|
| 500 |
|
|
|a Vydáno pro 3. lékařskou fakultu Univerzity Karlovy
|
| 600 |
1 |
7 |
|a Nahodil, Vladimír,
|d 1925-2024
|7 jk01082656
|2 czenas
|
| 648 |
|
7 |
|a 20.-21. století
|7 ch462155
|2 czenas
|
| 648 |
|
4 |
|a 1925-2018
|
| 650 |
0 |
7 |
|a chirurgové
|7 ph119175
|z Česko
|y 20.-21. století
|2 czenas
|
| 650 |
0 |
7 |
|a chirurgie
|7 ph114240
|z Česko
|y 20.-21. století
|2 czenas
|
| 650 |
0 |
7 |
|a dějiny lékařství
|7 ph484341
|z Česko
|y 20.-21. století
|2 czenas
|
| 650 |
0 |
9 |
|a surgeons
|z Czechia
|y 20th-21st centuries
|2 eczenas
|
| 650 |
0 |
9 |
|a surgery
|z Czechia
|y 20th-21st centuries
|2 eczenas
|
| 650 |
0 |
9 |
|a history of medicine
|z Czechia
|y 20th-21st centuries
|2 eczenas
|
| 651 |
|
7 |
|a Praha (Česko)
|7 ge118011
|2 czenas
|
| 651 |
|
9 |
|a Prague (Czechia)
|2 eczenas
|
| 655 |
|
7 |
|a autobiografické vzpomínky
|7 fd131854
|2 czenas
|
| 655 |
|
9 |
|a autobiographical reminiscences
|2 eczenas
|
| 710 |
2 |
|
|a Univerzita Karlova.
|b Lékařská fakulta, 3.
|7 kn20010709368
|4 isb
|
| 910 |
2 |
|
|a BOA001
|b 1-1420.687
|
| 928 |
9 |
|
|a Karolinum
|
| 990 |
|
|
|a BK
|
| 995 |
|
|
|a 01
|
| 991 |
|
|
|b 201901
|c NOV
|
| 996 |
6 |
|
|b 2610767038
|c 1-1420.687
|l MZK
|r Sklad / do 1 hodiny
|n 0
|p p.v.
|w 001701972
|u 000010
|a 1
|e BOA001
|j MZK50
|s P
|